A study of managerial competence as a career anchor in relation to certain self-perceived abilities (Record no. 60854)

000 -LEADER
fixed length control field 00496pab a2200169 454500
008 - FIXED-LENGTH DATA ELEMENTS--GENERAL INFORMATION
fixed length control field 180718b2004 xxu||||| |||| 00| 0 eng d
100 ## - MAIN ENTRY--PERSONAL NAME
Personal name Pathak, Anil Anand
245 ## - TITLE STATEMENT
Title A study of managerial competence as a career anchor in relation to certain self-perceived abilities
260 ## - PUBLICATION, DISTRIBUTION, ETC.
Date of publication, distribution, etc. 2004
300 ## - PHYSICAL DESCRIPTION
Extent p.431-42.
362 ## - DATES OF PUBLICATION AND/OR SEQUENTIAL DESIGNATION
Dates of publication and/or sequential designation Apr
650 ## - SUBJECT ADDED ENTRY--TOPICAL TERM
Topical term or geographic name entry element Management
650 ## - SUBJECT ADDED ENTRY--TOPICAL TERM
Topical term or geographic name entry element Occupational choice
700 ## - ADDED ENTRY--PERSONAL NAME
Personal name Kulkarni, A.V.
773 ## - HOST ITEM ENTRY
Main entry heading Indian Journal of Industrial Relations
909 ## -
-- 60854
Holdings
Withdrawn status Lost status Damaged status Not for loan Permanent Location Current Location Date acquired Serial Enumeration / chronology Barcode Date last seen Price effective from Koha item type
        Indian Institute of Public Administration Indian Institute of Public Administration 2018-07-19 Volume no: 39, Issue no: 4 AR61300 2018-07-19 2018-07-19 Articles

Powered by Koha